Compaction and rock properties development of Mesozoic and Cenozoic mudstones in the Hammerfest Basin, Norwegian Barents Sea
Elmentve itt :
| Szerzők: | |
|---|---|
| Testületi szerző: | |
| Dokumentumtípus: | Cikk |
| Megjelent: |
Department of Mineralogy, Geochemistry and Petrology, University of Szeged
Szeged
2014
|
| Sorozat: | Acta mineralogica-petrographica
8 Acta mineralogica-petrographica : abstract series 8 |
| Kulcsszavak: | Kőzettan - előadáskivonat, Szedimentológia - előadáskivonat |
| Tárgyszavak: | |
| Online Access: | http://acta.bibl.u-szeged.hu/44164 |
| LEADER | 01162nab a2200253 i 4500 | ||
|---|---|---|---|
| 001 | acta44164 | ||
| 005 | 20260212142138.0 | ||
| 008 | 170223s2014 hu o 000 eng d | ||
| 022 | |a 0324-6523, 1589-4835 | ||
| 040 | |a SZTE Egyetemi Kiadványok Repozitórium |b hun | ||
| 041 | |a eng | ||
| 100 | 1 | |a Butt Arif Naushad | |
| 245 | 1 | 0 | |a Compaction and rock properties development of Mesozoic and Cenozoic mudstones in the Hammerfest Basin, Norwegian Barents Sea |h [elektronikus dokumentum] / |c Butt Arif Naushad |
| 260 | |a Department of Mineralogy, Geochemistry and Petrology, University of Szeged |b Szeged |c 2014 | ||
| 300 | |a 17 | ||
| 490 | 0 | |a Acta mineralogica-petrographica |v 8 | |
| 490 | 0 | |a Acta mineralogica-petrographica : abstract series |v 8 | |
| 650 | 4 | |a Természettudományok | |
| 650 | 4 | |a Föld- és kapcsolódó környezettudományok | |
| 695 | |a Kőzettan - előadáskivonat, Szedimentológia - előadáskivonat | ||
| 700 | 0 | 1 | |a Mondol Nazmul Haque |e aut |
| 700 | 0 | 1 | |a Jamil Muhammad |e aut |
| 710 | |a International Students Geological Conference (5.) (2014) (Budapest) | ||
| 856 | 4 | 0 | |u http://acta.bibl.u-szeged.hu/44164/1/mineralogica_as_008_017.pdf |z Dokumentum-elérés |